| 000 | 00955nam a2200289Ia 4500 | ||
|---|---|---|---|
| 001 | Z_2109 | ||
| 003 | CHAP | ||
| 008 | 220113s1996 xx 000 0 und d | ||
| 010 | _a165182 | ||
| 040 | _cCHAP | ||
| 090 | _aTesis L 1056 | ||
| 100 |
_aLuna Palacios, José Luis _969098 |
||
| 245 |
_aEvaluación de parámetros productivos en cabras estabuladas / _cpor José Luis Luna Palacios, Efraín Arredondo Santana y Maricela Barrientos Gervacio |
||
| 260 |
_aChapingo, Méx. : _bEl autor, _c1996 |
||
| 300 | _a64 h. | ||
| 502 | _aTesis (Ing. Agr. Esp. en Zootecnia) -- UACH. Departamento de Zootecnia | ||
| 650 |
_aGanado cabrío _x Producción _945038 |
||
| 650 |
_aGanado cabrío _xRazas _945042 |
||
| 650 |
_aLeche de cabra _xProducción _965427 |
||
| 700 |
_aArredondo Santana, Efraín II. Barrientos Gervacio, Maricela _9139198 |
||
| 901 | _aTESIS L 1056 | ||
| 902 | _aM | ||
| 910 | _a1996 | ||
| 942 | _c2 | ||
| 942 | _c2 | ||
| 999 |
_c165182 _d165182 |
||